[Event "Parana-chT"]
[Site "Sao Jose dos Pinhais"]
[Date "2014.10.15"]
[Round "3.3"]
[White "Castro, Renan Britzke"]
[Black "Comunello Nunes, Marco Aurelio"]
[Result "1-0"]
[WhiteElo "1858"]
[BlackElo "1773"]
[PlyCount "53"]
[EventDate "2014.10.13"]
[EventType "team-swiss"]
[EventRounds "6"]
[EventCountry "BRA"]
[SourceTitle "EXT 2015"]
[Source "ChessBase"]
[SourceDate "2014.11.20"]
[SourceVersion "1"]
[SourceVersionDate "2014.11.20"]
[SourceQuality "1"]
[WhiteTeam "Siqueira Campos"]
[BlackTeam "Manoel Ribas"]
[WhiteTeamCountry "BRA"]
[BlackTeamCountry "BRA"]

1. e4 c5 2. Nf3 d6 3. d4 cxd4 4. Nxd4 Nf6 5. Nc3 g6 6. Be3 Bg7 7. Qd2 Nc6 8. 0-0-0 Ng4 9. Nxc6 bxc6 10. Bg5 0-0 11. f3 Ne5 12. h4 Rb8 13. Bh6 Bd7 14. Bxg7 Kxg7 15. h5 c5 16. hxg6 fxg6 17. Qh6+ Kf6 18. f4 Ng4 19. Qh4+ Kg7 20. Qxh7+ Kf6 21. Bd3 c4 22. e5+ Nxe5 23. fxe5+ Kxe5 24. Bxc4 Bf5 25. Rhe1+ Kf6 26. Qh4+ Kg7 27. Rxe7+ 1-0